Ricostruisci la Carriera del Calciatore - Milan Rapaić - Statistics

Statistiche generali
  • Questo quiz è stato fatto 4 volte
  • Il punteggio medio è 2 su 7
Statistiche sulle risposte
Hint Risposta % Corretto
2003-2004 Ancona
50%
1991-1996 Hajduk Spalato
50%
2008 Trogir
50%
2004-2007 Standard Liegi
25%
2000-2002 Fenerbahçe
0%
2002-2003 Hajduk Spalato
0%
1996-2000 Perugia
0%
Nessun quiz corrispondente trovato
Distribuzione punteggi
Percentuale di utenti per punteggio
Percentile per numero di risposta
I tuoi punteggi nel tempo
Non hai fatto questo quiz